Suy nghĩ về những câu Mác trả lời con gái

Vào năm 1865, ở nhiều nước châu Âu, đặc biệt là ở Anh, có một trò chơi độc đáo được nhiều người biết đấn. Thoạt tiên nó không có tên gọi, về sau có người đặt cho trò chơi này là:Tự bạch. Và đây là bản trả lời của Mác cho hai cô co...

Cur síos iomlán

Đã lưu trong:
Sonraí Bibleagrafaíochta
Príomhúdar: Vácxbéc, Accđi
Formáid: Leabhar
Teanga:Undetermined
Foilsithe: Tp. Hồ Chí Minh Trẻ 2003
Ábhair:
Clibeanna: Cuir Clib Leis
Gan Chlibeanna, Bí ar an gcéad duine leis an taifead seo a chlibeáil!
Thư viện lưu trữ: Trung tâm Học liệu Trường Đại học Cần Thơ
LEADER 01667nam a2200205Ia 4500
001 CTU_95027
008 210402s9999 xx 000 0 und d
020 |c 21000 
082 |a 324.2075092 
082 |b V112 
100 |a Vácxbéc, Accđi 
245 0 |a Suy nghĩ về những câu Mác trả lời con gái 
245 0 |c Accđi Vácxbéc 
260 |a Tp. Hồ Chí Minh 
260 |b Trẻ 
260 |c 2003 
520 |a Vào năm 1865, ở nhiều nước châu Âu, đặc biệt là ở Anh, có một trò chơi độc đáo được nhiều người biết đấn. Thoạt tiên nó không có tên gọi, về sau có người đặt cho trò chơi này là:Tự bạch. Và đây là bản trả lời của Mác cho hai cô con gái lớn Gienni và Lôra, bản trả lời đã đi vào lịch sử như những lời tự bạch của ông. Ông đã trả lời tất cả các câu hỏi đề ra, không bỏ một mục nào. Ông đã nói lên những ý kiến của mình về mục đích và chí hướng của con người, về những đức tính và tính xấu của con người cũng như những về những điều khác. Tất cả những điều đó có quan hệ trực tiếp với thời đại ngày nay, với tất cả những người nhiều tuổi cũng như với tất cả thanh niên chúng ta. 
650 |a Youth education 
904 |i Trúc 
980 |a Trung tâm Học liệu Trường Đại học Cần Thơ